000 00301nam a22001337a 4500
082 _a894.812
_bBHA/B
100 _aBARUVA,NAVAKANT
245 _aBENDHANAM
250 _aFIRST
260 _aTRIVANDRUM
_bPRABHATHAM PRINTING&PUBLISHINGCO.
_c1986
300 _a143
650 _aSTORY
_zKERALA
942 _cBK
999 _c1432
_d1432